| 000 | 00738nam a2200265 a 4500 | ||
|---|---|---|---|
| 999 |
_c2654 _d2654 |
||
| 007 | ta | ||
| 008 | 230120r20222015ii a|||gd|||| 001 0 eng d | ||
| 020 |
_a9780199457069 _cRs. 715.00 |
||
| 040 |
_aKO _beng |
||
| 041 | 0 | _aeng | |
| 044 | _aii | ||
| 082 | 0 | 4 |
_223 _a425 _bK9605 |
| 100 | 1 | _aKumar, Sanjay | |
| 245 | 1 | 0 |
_aCommunication Skills / _cSanjay Kumar and Pushp Lata |
| 250 | _a2nd ed. | ||
| 260 |
_aNew Delhi : _bOxford University Press, _c2015, reprinted 2022 |
||
| 300 |
_axxi, 600 p. ; _c24 cm. |
||
| 504 | _aIncludes index. | ||
| 650 | 0 |
_aEnglish Language _xSpoken English _vTextbooks |
|
| 650 | 0 |
_aEnglish Language _xPronunciation _vTextbooks |
|
| 700 |
_aLata, Pushp _eaut |
||
| 904 | _aA_BOSE | ||
| 942 | _cBK | ||